-a já, Katarína Kolníková

Bibliographic Details
Main Authors: Štepka, Stanislav, 1944- (Author), Kolníková, Katarína, 1921-2006 (Author)
Format: Book
Language:Slovak
Published: Bratislava Ikar 2001
Subjects:

MARC

LEADER 00000nam a2200000 a 4500
001 vtls001417172
003 SK-MaSNL
005 20260302035217.0
008 240315s2001 xo a rb slo
015 |a SNBA2002/01-00368 
020 |a 8055101108 
035 |a SNK000371951 
035 |a urn:nbn:sk:snk-amk3qj 
035 |a urn:nbn:sk:snk-am005d7c 
035 |a 9635BAD7-7656-4EC2-9C53-20F6BCF5480E 
040 |a SNK  |b slo  |c SNK  |e AACR2 
041 0 |a slo 
044 |a xo  |c SK 
080 |a 792.077  |2 1981 
080 |a 929 Kolníková, Katarína  |2 1981 
100 1 |a Štepka, Stanislav,  |d 1944-  |4 aut  |9 88236 
245 1 0 |a -a já, Katarína Kolníková  |c Stanislav Štepka ; graf. úprava Svetozár Mydlo 
260 |a Bratislava  |b Ikar  |c 2001 
300 |a 175 s.  |b obr., fotogr., noty  |c 24 cm 
500 |a Fotogr. na rozlož. tit. strane 
600 1 |a Kolníková, Katarína,  |d 1921-2006  |2 SNK  |9 101974 
610 2 |a Radošinské naivné divadlo  |9 31933 
650 0 7 |a herečky  |2 SNK  |9 59028 
655 7 |a biografie  |2 SNK  |9 27965 
700 1 |a Kolníková, Katarína,  |d 1921-2006  |4 aut  |9 101974 
700 1 |a Mydlo, Svetozár,  |d 1948-2014  |4 bkd  |9 164643 
919 |a 80-551-0110-8 
958 |a OND 
958 |a TL 
958 |a BX 
999 |c 1069707  |d 1071637 
952 |t P60, <03>, [BOOK], {603}  |a SNK  |b SNK  |y PREZ  |7 0  |p 17A0308128  |o snkSC 105420  |i snkKSP 8515/2001  |0 0  |1 0  |4 0  |d 2001-07-23  |f 1  |l 0  |r 2025-09-26 00:00:00  |w 2026-02-24 
952 |t P60, <04>, [BOOK], {604}  |a SNK  |b SNK  |y VYP  |7 0  |p 17A0308129  |o snkSC 105420 D1  |i snkKSP 8516/2001  |0 0  |1 0  |4 0  |d 2001-07-23  |l 0  |r 2005-01-02 00:00:00  |w 2026-02-24